000 00803nam a2200205 a 4500
005 20240920063717.0
008 991125s1982 es 000 0 spa u
020 _a8436909402
035 _aUPN01000005454
049 _aF
050 4 _aLC5256 E5
_bB36
245 0 0 _aBases para una revisión de las orientaciones pedagógicas de la educación permanente de adultos /
_celaboración Isabel Alvarez Alvarez ... [et al.].
260 _aMadrid :
_bMinisterio de Educación y Ciencia, Dirección General de Educación Básica,
_c1982.
300 _a64 p.
440 0 _aEstudios y experiencias educativas.
_pEducación permanente de adultos ;
_v1
650 4 _aEDUCACION DE ADULTOS -
_zESPAÑA
_913231
650 4 _aEducación permanente
_97280
700 1 _aAlvarez Alvarez, Isabel,
_ecoaut.
905 _aLibro
999 _c5454
_d5454